000 00328nam a2200133Ia 4500
008 240624s9999 xx 000 0 und d
041 _aeng
082 _a891.43 NEE
100 _aNEERAJ GOPALDAS
245 _aKAVYANJALI
260 _c2014
_aNew Delhi
_bManjul Publishing House Pvt. Ltd.
300 _a160 p.
365 _cRS
_b20
999 _c30958
_d30958